Remarks on N=4 Superconformal Extension of the Calogero Model; Modern Physics Letters A; Vol. 18, № 21

Bibliografiske detaljer
Parent link:Modern Physics Letters A.— , 1987-
Vol. 18, № 21.— 2003.— P. 1493-1498
Hovedforfatter: Galajinsky A. V. Anton Vladimirovich
Summary:Recently it was conjectured by Gibbons and Townsend that the large n limit of an N=4 superconformal extension of the n-particle Calogero model might provide a microscopic description of the extreme Reissner–Nordström black hole near the horizon. In this paper a possibility to construct an SU(1,1|2) invariant extension of the Calogero model is considered. We treat in detail the two-particle case and comment on some peculiarities intrinsic to n > 2 generalizations.
В фонде НТБ ТПУ отсутствует
Sprog:engelsk
Udgivet: 2003
Fag:
Format: MixedMaterials Book Chapter
KOHA link:https://koha.lib.tpu.ru/cgi-bin/koha/opac-detail.pl?biblionumber=596433

MARC

LEADER 00000naa0a2200000 4500
001 596433
005 20250407145820.0
035 |a (RuTPU)RU\TPU\tpu\19249 
035 |a RU\TPU\tpu\19246 
090 |a 596433 
100 |a 20110210d2003 k||y0rusy50 ba 
101 0 |a eng 
102 |a SG 
200 1 |a Remarks on N=4 Superconformal Extension of the Calogero Model  |f A. V. Galajinsky 
330 |a Recently it was conjectured by Gibbons and Townsend that the large n limit of an N=4 superconformal extension of the n-particle Calogero model might provide a microscopic description of the extreme Reissner–Nordström black hole near the horizon. In this paper a possibility to construct an SU(1,1|2) invariant extension of the Calogero model is considered. We treat in detail the two-particle case and comment on some peculiarities intrinsic to n > 2 generalizations. 
333 |a В фонде НТБ ТПУ отсутствует 
461 |t Modern Physics Letters A  |d 1987- 
463 |t Vol. 18, № 21  |v P. 1493-1498  |d 2003 
610 1 |a труды учёных ТПУ 
700 1 |a Galajinsky  |b A. V.  |c Doctor of Physical and Mathematical Sciences, Tomsk Polytechnic University (TPU), Department of Higher Mathematics and Mathematical Physics of the Institute of Physics and Technology (HMMPD IPT)   |c Professor of the TPU  |f 1971-  |g Anton Vladimirovich  |3 (RuTPU)RU\TPU\pers\27878  |9 12894 
801 1 |a RU  |b 63413507  |c 20110210 
801 2 |a RU  |b 63413507  |c 20160315  |g RCR 
942 |c CR